000 01378cam a22003857a 4500
003 CHAP
005 20220329142925.0
008 050301s2003 be r 00010 eng d
010 _a89717
011 _a90689
020 _a9291180742
035 _a101246
040 _cCHAP
090 _aFolleto 16964
100 1 _aChema, Sam
_922110
245 1 2 _aA review of key issues and recent experiences in reforming agricultural research in Africa
_c/by Sam Chema, Elon Gilbert y Johannes Roseboom
260 _aThe Hague :
_bInternational Service for National Agricultural Research,
_c2003
300 _a70 p.
410 2 0 _aInternational Service for National Agricultural Research
490 0 _aResearch report
_v; 24
590 _aBATCH-UPD
_b10
_c20130110
_lUCH01
_h0457
590 _aBATCH-UPD
_b10
_c20130110
_lUCH01
_h2151
590 _aBATCH-UPD
_b10
_c20130410
_lUCH01
_h0135
590 _aCONVERSION
_b10
_c20130109
_lUCH01
_h1350
650 1 4 _aAgricultura y Estado
_zAfrica.
_92068
650 1 4 _aAgricultura
_xInvestigacion
_xAfrica.
_91578
700 0 _aRoseboom, Johannes.
_9100087
700 1 _aGilbert, Elon
_947969
810 0 0 _aInternational Service for National Agricultural Research
_959813
830 0 _aResearch report
_v; 24
_996080
901 _aBK
905 _aLilia
942 _cFOLL
949 _aFolleto 16964
_bBC
_cFOLL
_d33724000996302
_eTS1
_i101246
_sb
999 _c89717
_d89717